MARC

LEADER 00000nam0a2200000 4500
001 234709
005 20231101231338.0
035 |a (RuTPU)RU\TPU\book\255835 
090 |a 234709 
100 |a 20130328d1939 m y0rusy50 ca 
101 0 |a rus 
102 |a AZ 
105 |a a z 000zy 
200 1 |a Переработка нефти  |f Л. В. Иванова 
210 |a Баку  |c АзГОНТИ  |d 1939 
215 |a 115 с.  |c ил. 
606 1 |a Нефть  |x Переработка глубокая  |2 stltpush  |3 (RuTPU)RU\TPU\subj\33829  |9 55954 
610 1 |a химический состав 
610 1 |a классификация 
610 1 |a моторное топливо 
610 1 |a производство 
610 1 |a смазочные масла 
610 1 |a очистка 
610 1 |a асфальты 
610 1 |a вазелиновое производство 
610 1 |a парафины 
610 1 |a церезины 
675 |a 665.621  |v 3 
700 1 |a Иванова  |b Л. В. 
801 1 |a RU  |b 63413507  |c 20130328 
801 2 |a RU  |b 63413507  |c 20130423  |g RCR 
942 |c BK